[Event "CAN-ch U12 Girls"]
[Site "Kapuskasing"]
[Date "2004.07.08"]
[Round "5"]
[White "Ferguson, Amy"]
[Black "Xiong, Sonja"]
[Result "0-1"]
[WhiteElo "1188"]
[BlackElo "1313"]
[PlyCount "94"]
[EventDate "2004.07.06"]
[EventType "tourn"]
[EventRounds "7"]
[EventCountry "CAN"]
[SourceTitle "EXT 2006"]
[Source "ChessBase"]
[SourceDate "2005.11.24"]
[SourceVersion "1"]
[SourceVersionDate "2005.11.24"]
[SourceQuality "1"]

1. e4 e5 2. Nf3 Nc6 3. Nc3 Nf6 4. Bc4 h6 5. d3 d6 6. h3 Be6 7. Bxe6 fxe6 8. Be3 d5 9. 0-0 d4 10. Bd2 dxc3 11. Bxc3 Bd6 12. d4 exd4 13. Bxd4 Nxd4 14. Qxd4 0-0 15. e5 c5 16. Qd1 Be7 17. exf6 Bxf6 18. c3 Qe8 19. Qc2 Qh5 20. Rad1 Rad8 21. Rd2 Bg5 22. Nxg5 Qxg5 23. Rfd1 Rxd2 24. Rxd2 Rd8 25. Rxd8+ Qxd8 26. Qe4 Qd5 27. Qxd5 exd5 28. Kf1 Kf7 29. Ke2 Ke6 30. Kd3 Ke5 31. g4 Kf4 32. b4 b6 33. bxc5 bxc5 34. a4 Kf3 35. a5 a6 36. c4 d4 37. Kd2 Kxf2 38. Kd3 Kf3 39. h4 g5 40. hxg5 hxg5 41. Kc2 Kxg4 42. Kd2 Kf3 43. Ke1 g4 44. Kf1 g3 45. Kg1 d3 46. Kf1 d2 47. Kg1 d1Q# 0-1

[Event "CAN-ch U12 Girls"]
[Site "Kapuskasing"]
[Date "2004.07.07"]
[Round "4"]
[White "Frenette, Catherine"]
[Black "Ferguson, Amy"]
[Result "1-0"]
[WhiteElo "1311"]
[BlackElo "1188"]
[PlyCount "111"]
[EventDate "2004.07.06"]
[EventType "tourn"]
[EventRounds "7"]
[EventCountry "CAN"]
[SourceTitle "EXT 2006"]
[Source "ChessBase"]
[SourceDate "2005.11.24"]
[SourceVersion "1"]
[SourceVersionDate "2005.11.24"]
[SourceQuality "1"]

1. d4 d5 2. c4 e6 3. Nc3 Nf6 4. Bg5 Bb4 5. cxd5 exd5 6. e3 Bf5 7. Qa4+ Nc6 8. Bb5 Bxc3+ 9. bxc3 Qd6 10. Nf3 Ne4 11. Rc1 a6 12. Bf4 Qe6 13. Bxc7 0-0 14. Bxc6 Qxc6 15. Qxc6 bxc6 16. c4 Ra7 17. Bf4 Rb7 18. cxd5 cxd5 19. 0-0 Rb2 20. a4 Ra2 21. Ra1 Rxa1 22. Rxa1 h6 23. Rc1 Ra8 24. Rc7 Re8 25. Ne5 Rb8 26. Rc1 Nc3 27. Kf1 Nxa4 28. Nxf7 Rb7 29. Nd6 Bd3+ 30. Ke1 Ra7 31. Kd2 Bg6 32. Rc8+ Kh7 33. Rb8 Bf7 34. Rb4 Nb2 35. Rxb2 Kg6 36. Nxf7 Kxf7 37. Rc2 a5 38. Rc7+ Rxc7 39. Bxc7 a4 40. Kc2 Kf6 41. Kc3 Kf5 42. Kb4 Ke4 43. Kxa4 Kd3 44. Kb4 Ke2 45. Kc5 Kxf2 46. Kxd5 Kxe3 47. Ke5 g5 48. d5 g4 49. d6 Kf2 50. d7 Kxg2 51. d8Q Kxh2 52. Ke4+ g3 53. Kf3 h5 54. Qd2+ Kh3 55. Qg2+ Kh4 56. Qxg3# 1-0